| 000 | 00616cab a2200217 4500 | ||
|---|---|---|---|
| 001 | WB2503-14 | ||
| 008 | 090401t1989 xxu||||| |||| 00| 0 eng d | ||
| 035 | _a(Sirsi) u37317 | ||
| 041 | _aeng | ||
| 245 | _aPrices start to fall | ||
| 260 | _c1989 | ||
| 350 | _a0 | ||
| 490 |
_aDaily Mail _v16/1/89 p4 |
||
| 520 | _aReviews the findings of a national survey on house prices carriedout by agents Barnard Marcus . | ||
| 650 | _aDOCKLANDS | ||
| 650 | _aKNIGHT FRANK AND RUTLEY | ||
| 650 | _aLONDON | ||
| 690 | _aPROPERTY-RESIDENTIAL PROPERTY-RESIDENTIAL PROPERTY MARKET | ||
| 942 | _n0 | ||
| 948 | _c04/03/1997 | ||
| 999 |
_c24142 _d24142 |
||